000 00303nam a2200121 i 4500
001 bg
245 0 _aZagadnienia mechaniki ośrodków sprężystych /
_cp. red. F. Twardosza.
260 _aWarszawa,
_c1980.
040 _cBPK
041 _apol
942 _cKS
008 s pl f |000 0 pol
999 _c19431
_d19431
856 _uhttp://koha.tu.koszalin.pl/cgi-bin/koha/opac-detail.pl?biblionumber=19431
_yKatalog online BPK